| 000 | 00730pam a2200241 a 4500 | ||
|---|---|---|---|
| 020 | _a0471122793 (alk. paper) | ||
| 040 | _cDLC | ||
| 082 | 0 | 0 | _a616 WIL 1996 A048 Or. |
| 100 | 1 | _aNolan, Thomas E. | |
| 245 | 1 | 0 | _aPrimary care for the obstetrician and gynecologist / |
| 260 |
_aNew York : _bWiley-Liss, _cc1996. |
||
| 300 |
_axi, 349 p. : _bill. ; _c18 cm. |
||
| 500 | _aIncludes index. | ||
| 650 | 0 | _aPrimary care (Medicine) | |
| 650 | 0 | _aWomen | |
| 650 | 0 | _aObstetrics. | |
| 650 | 0 | _aGynecology. | |
| 650 | 1 | 2 | _aPrimary Health Care. |
| 650 | 1 | 2 | _aWomen's Health. |
| 856 | 4 | 2 | _uhttp://www.loc.gov/catdir/description/wiley034/95046498.html |
| 856 | 4 | _uhttp://www.loc.gov/catdir/toc/onix05/95046498.html | |
| 942 | _cEK | ||
| 999 |
_c13809 _d13809 |
||